| 000 | 00871nam a2200265 i 4500 | ||
|---|---|---|---|
| 001 | 169229 | ||
| 003 | ES-MaACL | ||
| 005 | 20230906214032.0 | ||
| 008 | 220808s1999 sp |||| | spa d | ||
| 020 | _a84-7664-673-9 | ||
| 080 | _a77 Benítez, Adalberto (064.3) | ||
| 100 | 1 |
_aBenítez, Adalberto. _9138309 |
|
| 245 | 1 | 0 |
_aAdalberto Benítez : _bexposición organizada por la Fundación "la Caixa". |
| 250 | _a1ª ed. | ||
| 260 |
_aBarcelona : _bFundación "la Caixa", _c1999. |
||
| 300 |
_a95 p. : _bprincipalmente il. ; _c21 x 21 cm. |
||
| 504 | _aBibliografía. | ||
| 546 | _aTexto en español e inglés. | ||
| 600 | 1 | 4 |
_aBenítez, Adalberto- _vExposiciones. _9138310 |
| 655 | 7 |
_2tgfbne _9193628 _aCatálogos de exposiciones |
|
| 710 | 2 |
_aFundació "la Caixa" _9173255 |
|
| 852 | 4 |
_aES-MaACL _jL-29541 |
|
| 942 | _2udc | ||
| 999 |
_c169229 _d169229 |
||